00570nam a22001217a 4500040001500000082001400015100002400029245007700053260003700130300001600167505025100183650001400434 cMCS (NUST) a005.8,SID aSiddiquie, Khushboo aSecurity Model for Andriod Smartphone Dual Persona /cKhushboo Siddiquie aRawalpindibMCS (NUST)cDec 2017 axv, 111 p., aIntroduction (Page-1), Literature Review (Page-7), Architecture Overview (Page-15), Vulnerabilities Threatening Dual Persona Support (Page-32), Comparative Analysis (Page-51), Experimentations & Results Page-77), Android Security Model (Page-91). aPG Thesis